Every US City with Fort in the Name on a Map - Statistics

General Stats
  • This quiz has been taken 36 times
  • The average score is 20 of 130
Answers on the Map
Answers color-coded by a green-red scale on the quiz's map according to % correct below.
 
Answer Stats
Population State City % Correct
269,994 IN Fort Wayne
96%
978,468 TX Fort Worth
93%
184,255 FL Fort Lauderdale
89%
170,376 CO Fort Collins
81%
89,770 AR Fort Smith
63%
105 MT Fort Smith
63%
266 CA Fort Washington
59%
25,843 MD Fort Washington
59%
5,910 PA Fort Washington
59%
97,372 FL Fort Myers
56%
10,053 IA Fort Madison
44%
8,715 KY Fort Knox
41%
39,700 NJ Fort Lee
41%
8,318 VA Fort Lee
41%
427 NY Fort Johnson
37%
6,919 CA Fort Bragg
33%
24,591 IA Fort Dodge
26%
145 KS Fort Dodge
26%
49,374 FL Fort Pierce
26%
301 IA Fort Atkinson
22%
12,350 WI Fort Atkinson
22%
110 FL Fort Green
22%
13,983 WA Fort Lewis
22%
33,626 SC Fort Mill
22%
11,564 CO Fort Morgan
22%
20,925 FL Fort Walton Beach
22%
986 TX Fort Davis
19%
25,786 TX Fort Hood
19%
673 CA Fort Jones
19%
4,222 ME Fort Kent
19%
648 FL Fort White
19%
12,009 TX Fort Bliss
15%
18,447 CO Fort Carson
15%
3,145 NY Fort Edward
15%
15,317 MO Fort Leonard Wood
15%
3,832 OH Fort McKinley
15%
5,251 FL Fort Myers Beach
15%
2,175 SD Fort Pierre
15%
7,565 KS Fort Scott
15%
319 AZ Fort Thomas
15%
16,973 KY Fort Thomas
15%
473 NY Fort Ann
11%
239 AZ Fort Apache
11%
1,425 MT Fort Benton
11%
193 WY Fort Bridger
11%
1,524 NY Fort Covington
11%
3,338 ME Fort Fairfield
11%
2,343 ID Fort Hall
11%
86 OR Fort Hill
11%
16,519 VA Fort Hunt
11%
5,270 FL Fort Meade
11%
10,477 MD Fort Meade
11%
8,639 KY Fort Mitchell
11%
10,598 GA Fort Oglethorpe
11%
14,957 AL Fort Payne
11%
9,976 GA Fort Stewart
11%
8,113 TX Fort Stockton
11%
4,814 IN Fortville
11%
166 ND Fort Yates
11%
44,189 FL North Fort Myers
11%
10,923 AL Spanish Fort
11%
1,434 MT Fort Belknap Agency
7%
2,931 IN Fort Branch
7%
3,614 AZ Fort Defiance
7%
1,396 FL Fort Denaud
7%
982 GA Fort Gaines
7%
742 FL Fort Green Springs
7%
956 TX Fort Hancock
7%
1,038 CA Fort Hunter Liggett
7%
8,791 CA Fort Irwin
7%
134 OR Fort Klamath
7%
215 WY Fort Laramie
7%
1,586 OH Fort Loramie
7%
15,716 AZ Fort Mohave
7%
5,966 FL Fort Myers Shores
7%
7,023 FL Fort Pierce North
7%
4,686 FL Fort Pierce South
7%
8,595 KS Fort Riley
7%
5,221 AL Fort Rucker
7%
89 OH Fort Seneca
7%
930 ND Fort Totten
7%
1,803 AZ Fort Valley
7%
8,868 GA Fort Valley
7%
1,345 WY Fort Washakie
7%
4,233 PA Forty Fort
7%
715 WI Montfort
7%
818 NC Old Fort
7%
131 OH Old Fort
7%
220 IL Stonefort
7%
417 UT Cedar Fort
4%
1,011 WV Fort Ashby
4%
8,107 VA Fort Belvoir
4%
886 FL Fort Braden
4%
1,099 NE Fort Calhoun
4%
11,483 KY Fort Campbell North
4%
770 VA Fort Chiswell
4%
1,146 TX Fort Clark Springs
4%
347 OK Fort Coffee
4%
1,153 AL Fort Deposit
4%
1,349 CA Fort Dick
4%
426 CO Fort Garland
4%
661 WV Fort Gay
4%
3,831 OK Fort Gibson
4%
525 OH Fort Jennings
4%
395 LA Fort Jesup
4%
9,447 CO Fort Lupton
4%
326 NV Fort McDermitt
4%
235 MT Fort Peck
4%
1,991 NY Fort Plain
4%
2,034 LA Fort Polk North
4%
8,056 LA Fort Polk South
4%
98 ND Fort Ransom
4%
1,476 OH Fort Recovery
4%
82 MN Fort Ripley
4%
190 MT Fort Shaw
4%
5,952 OH Fort Shawnee
4%
863 NM Fort Sumner
4%
315 OK Fort Supply
4%
1,134 SD Fort Thompson
4%
6,061 KY Fort Wright
4%
5,990 WA North Fort Lewis
4%
1,454 WV Nutter Fort
4%
172 CA Fort Bidwell
0%
504 OK Fort Cobb
0%
375 UT Fort Duchesne
0%
85 AK Fort Greely
0%
973 SC Fort Lawn
0%
496 OK Fort Towson
0%
451 NM Fort Wingate
0%
411 AK Fort Yukon
0%
No matching quizzes found
Score Distribution
Percent of People with Each Score
Percentile by Number Answered
Your Score History
You have not taken this quiz